[Event "Stjernesommer langsjakk NGP 2018"]
[Site "SK Stjernen, Grünerløkka, Oslo"]
[Date "2018.06.10"]
[Round "5"]
[White "Dahl, Max"]
[Black "Yousef, Dani Rabie"]
[Result "1-0"]
[WhiteElo "1888"]
[BlackElo "1683"]
[PlyCount "44"]
[EventDate "2018.??.??"]

1. d4 d5 2. Bf4 Nf6 3. Nf3 c5 4. e3 cxd4 5. exd4 Qb6 6. b3 Bg4 7. Be2 Nc6 8.
Be3 e6 9. O-O Bd6 10. c4 Qc7 11. h3 Bxf3 12. Bxf3 dxc4 13. bxc4 O-O 14. Nc3 Be7
15. Ne2 Rfd8 16. Qa4 Rac8 17. Rac1 a6 18. Rfd1 Rd7 19. Rb1 h6 20. g3 Bd8 21. c5
Qa5 22. Qb3 Rb8
1-0

[Event "Stjernesommer langsjakk NGP 2018"]
[Site "SK Stjernen, Grünerløkka, Oslo"]
[Date "2018.06.10"]
[Round "5"]
[White "Rolstad, Morten"]
[Black "Kreken, Eivind Grunt"]
[Result "1/2-1/2"]
[WhiteElo "1791"]
[BlackElo "1553"]
[PlyCount "58"]
[EventDate "2018.??.??"]

1. e4 e6 2. d4 c5 3. d5 exd5 4. exd5 d6 5. Nf3 Nf6 6. Bd3 Be7 7. O-O O-O 8. Nc3
Re8 9. h3 Bf8 10. Bg5 Nbd7 11. Ne4 h6 12. Bh4 Be7 13. Nxf6+ Bxf6 14. Bxf6 Qxf6
15. Re1 Ne5 16. Nd2 Bf5 17. Bxf5 Qxf5 18. Re3 Nd7 19. Qe2 Rxe3 20. Qxe3 Qxd5
21. c4 Qe5 22. Qd3 Nb6 23. Rb1 d5 24. cxd5 Qxd5 25. Qxd5 Nxd5 26. Ne4 b6 27.
Rd1 Nf6 28. Nxf6+ gxf6 29. Rd7 Kf8
1/2-1/2

[Event "Stjernesommer langsjakk NGP 2018"]
[Site "SK Stjernen, Grünerløkka, Oslo"]
[Date "2018.06.10"]
[Round "5"]
[White "Schouten, Mathias Lind"]
[Black "Grindbakken, Erik"]
[Result "1-0"]
[WhiteElo "1752"]
[BlackElo "1636"]
[PlyCount "94"]
[EventDate "2018.??.??"]

1. e4 c6 2. d4 d5 3. exd5 cxd5 4. Bf4 Bf5 5. Nf3 Nc6 6. c3 a6 7. Qb3 Qd7 8.
Nbd2 e6 9. a4 Nge7 10. h3 h6 11. Be2 g5 12. Ne5 Nxe5 13. Bxe5 Rg8 14. Bh2 Nc6
15. Qb6 Be7 16. Qc7 Rc8 17. Qxd7+ Kxd7 18. Nb3 Bh7 19. Nc5+ Bxc5 20. dxc5 f5
21. b4 f4 22. h4 Be4 23. f3 Bf5 24. hxg5 hxg5 25. Bg1 Rh8 26. Rxh8 Rxh8 27. b5
Nb8 28. c4 Rh1 29. Kd2 dxc4 30. Bxc4 e5 31. Re1 e4 32. fxe4 Bxe4 33. Rxe4 Rxg1
34. Rd4+ Ke7 35. Bd5 Nd7 36. Bxb7 Nxc5 37. bxa6 Nxa6 38. Bxa6 Rxg2+ 39. Ke1 Ra2
40. Bb5 Ke6 41. Bc4+ Ke5 42. Rd5+ Ke4 43. Bxa2 g4 44. Rg5 g3 45. Bd5+ Ke3 46.
a5 f3 47. Rxg3 Kd4
1-0

[Event "Stjernesommer langsjakk NGP 2018"]
[Site "SK Stjernen, Grünerløkka, Oslo"]
[Date "2018.06.10"]
[Round "5"]
[White "Khoo-Thwe, Louis"]
[Black "Vangen, David Luangtep"]
[Result "0-1"]
[WhiteElo "1659"]
[BlackElo "1630"]
[PlyCount "76"]
[EventDate "2018.??.??"]

1. e4 e5 2. Nf3 Nc6 3. Bb5 a6 4. Ba4 Nf6 5. d3 b5 6. Bb3 Bc5 7. c3 d6 8. O-O
O-O 9. d4 exd4 10. cxd4 Bb6 11. Nc3 Bg4 12. Be3 Bxf3 13. gxf3 Qd7 14. Nd5 Nxd5
15. Bxd5 Rae8 16. Rc1 Ne7 17. Bb3 Ng6 18. Kh1 Kh8 19. Rg1 f5 20. Bd5 f4 21. Bc6
Qh3 22. Bxe8 Rxe8 23. Rxg6 hxg6 24. Bxf4 Bxd4 25. Rxc7 Bxf2 26. Bxd6 Rd8 27. e5
Re8 28. Qe2 Bd4 29. Re7 Rf8 30. Qg2 Qh6 31. Rc7 Rf5 32. e6 Qe3 33. Bg3 Qxe6 34.
Qh3+ Kg8 35. b3 Qe8 36. Bh4 Rg5 37. Bg3 Qe1+ 38. Bxe1 Rg1#
0-1

[Event "Stjernesommer langsjakk NGP 2018"]
[Site "SK Stjernen, Grünerløkka, Oslo"]
[Date "2018.06.10"]
[Round "6"]
[White "Egeland, Finn"]
[Black "Al-Tarbosh, Ward"]
[Result "1/2-1/2"]
[WhiteElo "2047"]
[BlackElo "2332"]
[Annotator "Gressli,Kristoffer"]
[PlyCount "98"]
[EventDate "2018.??.??"]

1. e4 e6 2. d4 d5 3. Nc3 Nf6 4. e5 Nfd7 5. f4 c5 6. Nf3 Nc6 7. Be3 a6 8. Qd2 b5
9. dxc5 Bxc5 10. Bd3 Bb4 11. O-O Qa5 12. Nd4 Bxc3 13. bxc3 Qc7 14. f5 Ndxe5 15.
Rae1 Nxd3 16. cxd3 e5 17. f6 gxf6 18. Rxf6 Ne7 19. Nf3 Be6 20. Ng5 Qd7 21. Bc5
Ng6 22. Qf2 Rc8 23. d4 Rg8 24. Nxh7 (24. Nxe6 fxe6 25. Rxe5 Rc6 26. Qf5 Kd8 27.
Rexe6) 24... Kd8 25. Bb6+ Ke7 26. dxe5 Qc6 27. Ba5 Nh8 28. Rf3 Ng6 29. Bb4+ Kd8
30. Rxf7 Rc7 31. Ba5 Bxf7 32. Qxf7 Ne7 33. Nf6 Qc5+ 34. Kh1 Qf2 35. Bxc7+ Kc8
36. Qe6+ Kxc7 37. Qxe7+ Kb8 38. Qd6+ Ka7 39. Qc7+ Ka8 40. Qc6+ Ka7 41. Qd7+ Kb8
42. Qd6+ Ka7 43. Qd7+ Kb8 44. Rg1 Rxg2 45. Qd8+ Ka7 46. Qc7+ Ka8 47. Qc8+ Ka7
48. Rxg2 Qf1+ 49. Rg1 Qf3+ 
1/2-1/2

[Event "Stjernesommer langsjakk NGP 2018"]
[Site "SK Stjernen, Grünerløkka, Oslo"]
[Date "2018.06.10"]
[Round "6"]
[White "Kvisla, Johannes Luangtep"]
[Black "Dahl, Max"]
[Result "1-0"]
[WhiteElo "2261"]
[BlackElo "1888"]
[PlyCount "66"]
[EventDate "2018.??.??"]

1. d4 Nf6 2. Nf3 d5 3. Bf4 e6 4. e3 Bd6 5. Bg3 O-O 6. Nbd2 c5 7. c3 b6 8. Ne5
Bb7 9. Bd3 Ne4 10. Qh5 f5 11. Bxe4 fxe4 12. f3 exf3 13. Ndxf3 Qe8 14. Qh3 Bxe5
15. Bxe5 Qg6 16. O-O Nd7 17. Nh4 Qe8 18. Rxf8+ Nxf8 19. Rf1 Rd8 20. Nf3 Bc8 21.
Ng5 Qg6 22. Qh4 Re8 23. Rf7 Qxf7 24. Nxf7 Kxf7 25. Qh5+ Ng6 26. Qxh7 Nxe5 27.
dxe5 Bd7 28. h4 Rg8 29. h5 Kf8 30. h6 Be8 31. hxg7+ Rxg7 32. Qh8+ Kf7 33. Kf2
Rg8 
1-0

[Event "Stjernesommer langsjakk NGP 2018"]
[Site "SK Stjernen, Grünerløkka, Oslo"]
[Date "2018.06.10"]
[Round "6"]
[White "Støre, Trond"]
[Black "Lindbøl, Aleksander"]
[Result "1-0"]
[WhiteElo "2051"]
[BlackElo "2182"]
[PlyCount "161"]
[EventDate "2018.??.??"]

1. d4 Nf6 2. c4 e6 3. Nf3 b6 4. g3 Ba6 5. b3 Bb4+ 6. Bd2 Be7 7. Bg2 c6 8. O-O
d5 9. Ne5 Nfd7 10. Nxd7 Nxd7 11. cxd5 cxd5 12. Bf4 O-O 13. Nd2 Rc8 14. Nf3 Ba3
15. b4 Bxb4 16. Qa4 Ba5 17. Rfc1 Qe7 18. Bd2 Rxc1+ 19. Rxc1 Bxd2 20. Nxd2 Nb8
21. e3 h6 22. Nf3 Bc4 23. Ne5 b5 24. Qa5 Rc8 25. h4 Qc7 26. Qb4 Nc6 27. Nxc6
Qxc6 28. Rc3 a5 29. Qxa5 Ra8 30. Qb4 Rxa2 31. Ra3 Rxa3 32. Qxa3 Be2 33. Qe7 Bh5
34. Bf1 Qc1 35. Qe8+ Kh7 36. Qxb5 Bf3 37. Kh2 Qe1 38. Kg1 h5 39. Qd3+ Kh6 40.
Qb5 g5 41. hxg5+ Kxg5 42. Qd3 Qc1 43. Kh2 f5 44. Bg2 Be4 45. Bxe4 fxe4 46. Qa6
Qe1 47. Kg2 Qd1 48. Qxe6 Qf3+ 49. Kg1 Qd1+ 50. Kg2 Qf3+ 51. Kg1 Qd1+ 52. Kh2
Qb3 53. Qe5+ Kg6 54. Kg2 Qc3 55. Qf4 Qb3 56. Kh3 Qd1 57. Qd6+ Kg7 58. Qe7+ Kg6
59. Qe6+ Kg7 60. Qe5+ Kg6 61. Qe6+ Kg7 62. Qe7+ Kg6 63. Kg2 Qb3 64. Qe6+ Kg7
65. Qe5+ Kg6 66. Qf4 Qc4 67. g4 hxg4 68. Qxg4+ Kf6 69. Qf4+ Ke6 70. Kg3 Kd7 71.
Qf7+ Kd6 72. Qf6+ Kd7 73. Kf4 Qc7+ 74. Qe5 Qc6 75. Qg7+ Kd8 76. Ke5 Kc8 77.
Qg8+ Kc7 78. Qf7+ Kb8 79. Qxd5 Qe8+ 80. Kf4 Qf8+ 81. Qf5 
1-0

[Event "Stjernesommer langsjakk NGP 2018"]
[Site "SK Stjernen, Grünerløkka, Oslo"]
[Date "2018.06.10"]
[Round "6"]
[White "Yousef, Dani Rabie"]
[Black "Abdrlauf, Elham"]
[Result "0-1"]
[WhiteElo "1683"]
[BlackElo "2165"]
[PlyCount "56"]
[EventDate "2018.??.??"]

1. e4 c6 2. c4 d5 3. exd5 cxd5 4. cxd5 Nf6 5. Nf3 Nxd5 6. Nc3 g6 7. d4 Bg7 8.
Bb5+ Bd7 9. Qa4 Nb6 10. Bxd7+ N8xd7 11. Qd1 O-O 12. O-O Nf6 13. Be3 Nfd5 14.
Qe2 Rc8 15. Rac1 a6 16. Ne4 Nxe3 17. fxe3 Qd5 18. Nc3 Qc4 19. Rfe1 Qxe2 20.
Rxe2 Rc7 21. Rd1 Rfc8 22. Kf2 e6 23. e4 Nc4 24. Na4 b5 25. Nc5 Bxd4+ 26. Rxd4
Rxc5 27. b3 Na3 28. Ne1 Nb1 
0-1

[Event "Stjernesommer langsjakk NGP 2018"]
[Site "SK Stjernen, Grünerløkka, Oslo"]
[Date "2018.06.10"]
[Round "6"]
[White "Nilsen, Tobias Lang"]
[Black "Fossan, Aleksander"]
[Result "1-0"]
[WhiteElo "2052"]
[BlackElo "2139"]
[PlyCount "35"]
[EventDate "2018.??.??"]

1. e4 c5 2. Nc3 g6 3. f4 Bg7 4. Nf3 Nc6 5. Bb5 Nd4 6. Bc4 e6 7. Nxd4 cxd4 8.
Nb5 d6 9. c3 e5 10. Qa4 Kf8 11. fxe5 dxe5 12. O-O Nf6 13. cxd4 Qb6 14. Kh1 Bd7
15. Qa3+ Kg8 16. Nd6 Bf8 17. Rxf6 Be7 18. Rxf7 
1-0

[Event "Stjernesommer langsjakk NGP 2018"]
[Site "SK Stjernen, Grünerløkka, Oslo"]
[Date "2018.06.10"]
[Round "6"]
[White "Grøver, Sigurd Loe"]
[Black "Sjøberg, Isak"]
[Result "0-1"]
[WhiteElo "2034"]
[BlackElo "2075"]
[PlyCount "72"]
[EventDate "2018.??.??"]

1. c4 e5 2. Nc3 Nc6 3. Nf3 f5 4. d4 e4 5. Ng5 h6 6. Nh3 g5 7. Ng1 Bg7 8. e3 Nf6
9. h4 Qe7 10. Nb5 d6 11. hxg5 hxg5 12. Rxh8+ Bxh8 13. Qa4 Kf8 14. Nh3 Nd7 15.
Bd2 Nb6 16. Qa3 a6 17. Nc3 Bf6 18. c5 dxc5 19. dxc5 Nd7 20. Nd5 Qe5 21. Nxf6
Qxf6 22. O-O-O Nde5 23. Bc3 Qe7 24. Bxe5 Nxe5 25. Qc3 Nf7 26. Be2 Be6 27. Bh5
Rd8 28. Rxd8+ Qxd8 29. b3 Bd5 30. Qd4 c6 31. Bxf7 Kxf7 32. Qe5 Be6 33. g4 Qf6
34. Qc7+ Kg6 35. Kb1 fxg4 36. Ng1 Qxf2 
0-1

[Event "Stjernesommer langsjakk NGP 2018"]
[Site "SK Stjernen, Grünerløkka, Oslo"]
[Date "2018.06.10"]
[Round "6"]
[White "Skaslien, Ingrid"]
[Black "Huse, Sigurd Kjelsbøl"]
[Result "1-0"]
[WhiteElo "1871"]
[BlackElo "2029"]
[PlyCount "81"]
[EventDate "2018.??.??"]

1. d4 d5 2. c4 c6 3. cxd5 cxd5 4. Nc3 Nc6 5. Bf4 a6 6. e3 Nf6 7. Nf3 Qb6 8. Qd2
Bf5 9. Be2 e6 10. a3 Na5 11. Na4 Qd8 12. Qd1 Rc8 13. Rc1 Nc4 14. O-O b5 15. b3
Nxa3 16. Nc5 Bxc5 17. dxc5 O-O 18. Nd4 Ne4 19. Nxf5 exf5 20. Qd4 a5 21. Rfd1 b4
22. Ba6 Rc6 23. Bb7 Nc3 24. Rxc3 Nb5 25. Qxd5 Qxd5 26. Rxd5 Nxc3 27. Bxc6 Nxd5
28. Bxd5 Rd8 29. Bd6 g6 30. Kf1 Kg7 31. Ke2 Kf6 32. Kd3 g5 33. Kc4 h5 34. Kb5
f4 35. exf4 gxf4 36. Kc6 h4 37. Kc7 Rg8 38. Kd7 a4 39. bxa4 b3 40. Bxb3 Rxg2
41. c6 
1-0

[Event "Stjernesommer langsjakk NGP 2018"]
[Site "SK Stjernen, Grünerløkka, Oslo"]
[Date "2018.06.10"]
[Round "6"]
[White "Melaa, Sondre Lillestøl"]
[Black "Sidali, Elias Hulleberg"]
[Result "1/2-1/2"]
[WhiteElo "2011"]
[BlackElo "2011"]
[PlyCount "30"]
[EventDate "2018.??.??"]

1. e4 c5 2. Nc3 Nc6 3. g3 g6 4. Bg2 Bg7 5. d3 d6 6. Nge2 a6 7. a4 e5 8. Be3
Nge7 9. O-O Be6 10. Nd5 Bxd5 11. exd5 Nb4 12. Nc3 Nf5 13. Ne2 Ne7 14. Nc3 Nf5
15. Ne2 Ne7 
1/2-1/2

[Event "Stjernesommer langsjakk NGP 2018"]
[Site "SK Stjernen, Grünerløkka, Oslo"]
[Date "2018.06.10"]
[Round "6"]
[White "Ingebretsen, Jens E"]
[Black "Midtstue, Lasse"]
[Result "1-0"]
[WhiteElo "1999"]
[BlackElo "1772"]
[PlyCount "59"]
[EventDate "2018.??.??"]

1. e4 d6 2. d4 Nf6 3. Nc3 g6 4. Be3 Bg7 5. f3 a6 6. Qd2 Nbd7 7. O-O-O O-O 8.
Bh6 b5 9. h4 e5 10. d5 Nh5 11. g4 Ng3 12. Rh3 Nxf1 13. Rxf1 b4 14. Nce2 Nf6 15.
Ng3 c5 16. Rh1 Qa5 17. Kb1 c4 18. Nf5 Bxf5 19. gxf5 Bxh6 20. Qxh6 b3 21. cxb3
cxb3 22. a3 Qb5 23. Rd1 Qc4 24. Nh3 Rac8 25. h5 Ng4 26. fxg4 Qxe4+ 27. Ka1 f6
28. hxg6 Rc7 29. gxh7+ Rxh7 30. Qxh7+ 
1-0

[Event "Stjernesommer langsjakk NGP 2018"]
[Site "SK Stjernen, Grünerløkka, Oslo"]
[Date "2018.06.10"]
[Round "6"]
[White "Vangen, David Luangtep"]
[Black "Unneland, Mathias"]
[Result "1/2-1/2"]
[WhiteElo "1630"]
[BlackElo "1946"]
[PlyCount "71"]
[EventDate "2018.??.??"]

1. e4 e6 2. d4 d5 3. exd5 exd5 4. Nf3 Bd6 5. Bd3 Ne7 6. O-O Bf5 7. Bxf5 Nxf5 8.
Qd3 Qd7 9. Re1+ Ne7 10. Ne5 Bxe5 11. dxe5 Nbc6 12. Nd2 O-O-O 13. Nb3 Qf5 14.
Qe2 Ng6 15. Nc5 a6 16. f4 h5 17. c3 d4 18. Bd2 f6 19. exf6 Qxc5 20. Qe6+ Kb8
21. fxg7 Rhg8 22. Qxg6 dxc3+ 23. Be3 Qb4 24. bxc3 Qxc3 25. Qxh5 Rxg7 26. Rac1
Qa3 27. Re2 Nd4 28. Ree1 Qxa2 29. g3 Rdg8 30. Bf2 b6 31. Rcd1 Nb5 32. Re8+ Ka7
33. Rdd8 Rxe8 34. Qxe8 Nd6 35. Ra8+ Kb7 36. Rb8+ 
1/2-1/2

[Event "Stjernesommer langsjakk NGP 2018"]
[Site "SK Stjernen, Grünerløkka, Oslo"]
[Date "2018.06.10"]
[Round "6"]
[White "Kreken, Eivind Grunt"]
[Black "Tenold, Andreas"]
[Result "0-1"]
[WhiteElo "1553"]
[BlackElo "1937"]
[PlyCount "138"]
[EventDate "2018.??.??"]

1. e4 c5 2. c3 d5 3. exd5 Qxd5 4. d4 cxd4 5. cxd4 Nc6 6. Nf3 e6 7. Nc3 Bb4 8.
Bd3 Nf6 9. O-O Bxc3 10. bxc3 O-O 11. Re1 Qa5 12. Bd2 b6 13. Ne5 Bb7 14. a4 Qd5
15. Qf3 Nxe5 16. Qxd5 Bxd5 17. Rxe5 Rac8 18. f3 Bc4 19. Bxc4 Rxc4 20. Ree1 Nd5
21. Ra3 Rfc8 22. Rc1 a6 23. Rb1 Kf8 24. Kf1 a5 25. Rbb3 Re8 26. Rb5 Rec8 27.
Rbb3 Ke7 28. Ke2 Kd6 29. f4 f6 30. Kd3 e5 31. fxe5+ fxe5 32. dxe5+ Kxe5 33. Be3
Nxe3 34. Kxe3 Re4+ 35. Kf3 Rf8+ 36. Kg3 Re3+ 37. Kg4 Rf6 38. Rb5+ Ke4 39. Rab3
Re2 40. g3 Rxh2 41. Rg5 g6 42. Rgb5 Rf5 43. Rxf5 gxf5+ 44. Kg5 Rg2 45. Kh4 f4
46. gxf4 Kxf4 47. Kh3 Rg6 48. Kh2 Ke5 49. c4 Kd4 50. Rh3 h6 51. Rh4+ Kc5 52.
Kh1 Kb4 53. Kh2 Rc6 54. Kg2 Rxc4 55. Rxh6 Kc5 56. Rh5+ Kc6 57. Kf3 Rxa4 58. Ke2
Rd4 59. Ke3 Rd5 60. Rh1 b5 61. Rc1+ Kb6 62. Rc8 b4 63. Rb8+ Ka7 64. Rc8 Kb7 65.
Rc4 Kb6 66. Rc8 Kb5 67. Rb8+ Ka4 68. Ra8 b3 69. Rb8 Ka3 
0-1

[Event "Stjernesommer langsjakk NGP 2018"]
[Site "SK Stjernen, Grünerløkka, Oslo"]
[Date "2018.06.10"]
[Round "6"]
[White "Kittilsen, Sigurd"]
[Black "Schouten, Mathias Lind"]
[Result "1-0"]
[WhiteElo "1889"]
[BlackElo "1752"]
[PlyCount "121"]
[EventDate "2018.??.??"]

1. e4 e6 2. d4 d5 3. Nc3 dxe4 4. Nxe4 Nf6 5. Bd3 Nxe4 6. Bxe4 c5 7. Nf3 cxd4 8.
Qxd4 Qxd4 9. Nxd4 Bc5 10. Be3 e5 11. Nb5 Bxe3 12. Nc7+ Kd8 13. Nxa8 Bc5 14.
O-O-O+ Bd7 15. Bxb7 Bxf2 16. Rd3 Ke7 17. Nc7 Nc6 18. Rhd1 Bg4 19. Bxc6 Bxd1 20.
Rd7+ Kf6 21. Kxd1 Rc8 22. Ba4 Kg6 23. Ke2 Bh4 24. g3 Bg5 25. Rd6+ f6 26. Nd5
Rc4 27. Be8+ Kh6 28. Ne3 Bxe3 29. Kxe3 Rxc2 30. Rd2 Rc4 31. b3 Rc3+ 32. Ke4 Kg5
33. Bd7 h5 34. h4+ Kh6 35. Rd3 Rc2 36. a3 g6 37. b4 Re2+ 38. Kf3 Re1 39. Kf2
Ra1 40. a4 Rb1 41. b5 Ra1 42. Rd6 Rxa4 43. Rxf6 Ra2+ 44. Ke3 Ra3+ 45. Ke4 Rxg3
46. Kxe5 Re3+ 47. Kf4 Rb3 48. Be8 Rb4+ 49. Kg3 Rb3+ 50. Rf3 Rb1 51. Ra3 Rb4 52.
Bc6 g5 53. hxg5+ Kxg5 54. Rxa7 h4+ 55. Kf2 Rb2+ 56. Ke3 h3 57. Rh7 Rb3+ 58. Kd4
Kg6 59. Be4+ Kf6 60. Bd3 Kg5 61. Rxh3 
1-0

[Event "Stjernesommer langsjakk NGP 2018"]
[Site "SK Stjernen, Grünerløkka, Oslo"]
[Date "2018.06.10"]
[Round "6"]
[White "Grindbakken, Erik"]
[Black "Rolstad, Morten"]
[Result "0-1"]
[WhiteElo "1636"]
[BlackElo "1791"]
[Annotator "Kristoffer"]
[PlyCount "116"]
[EventDate "2018.??.??"]

1. e4 e5 2. Nf3 Nc6 3. Bb5 a6 4. Ba4 Nf6 5. O-O Be7 6. Re1 b5 7. Bb3 O-O 8. d4
d6 9. c3 Bg4 10. d5 Na5 11. Bc2 c6 12. h3 Bc8 13. dxc6 Qc7 14. Nbd2 Qxc6 15.
Nf1 Bb7 16. Ng3 g6 17. Bh6 Rfe8 18. a4 Qc7 19. axb5 axb5 20. Ng5 Bf8 21. Bxf8
Rxf8 22. Nf3 Rfc8 23. Bd3 Nc4 24. Rxa8 Rxa8 25. Qb3 Ra5 26. Re2 Nd7 27. Qd1 Nf8
28. Bxc4 bxc4 29. Rd2 Ra6 30. Ne1 Ne6 31. b4 cxb3 32. Qxb3 Ra1 33. Rd1 Nc5 34.
Qc2 Rxd1 35. Qxd1 Bxe4 36. Qa1 Bb7 37. Qa7 Qc6 38. Nf3 Ne6 39. Qe3 Nf4 40. Kh2
Kg7 41. c4 f6 42. Qb3 Ne6 43. Ne1 Nd4 44. Qa2 f5 45. f3 Ba6 46. c5 dxc5 47. h4
c4 48. Qa3 Kf7 49. Qe3 f4 50. Qxe5 fxg3+ 51. Qxg3 Nf5 52. Qf2 Qd6+ 53. Kh1 Qd4
54. Qa2 Qxh4+ 55. Kg1 Qxe1+ 56. Kh2 Qe5+ 57. Kg1 Qc5+ 58. Kh2 Bb7 
0-1

[Event "Stjernesommer langsjakk NGP 2018"]
[Site "SK Stjernen, Grünerløkka, Oslo"]
[Date "2018.06.10"]
[Round "6"]
[White "Khoo-Thwe, Louis"]
[Black "Bernstein, Jonas August"]
[Result "0-1"]
[WhiteElo "1659"]
[BlackElo "1651"]
[PlyCount "40"]
[EventDate "2018.??.??"]

1. e4 c6 2. d4 d5 3. Nc3 dxe4 4. Nxe4 Bf5 5. Ng3 Bg6 6. h4 h6 7. h5 Bh7 8. Bc4
e6 9. Nf3 Nf6 10. Qe2 Bd6 11. Bxe6 fxe6 12. Qxe6+ Qe7 13. Qxe7+ Bxe7 14. c3
Nbd7 15. Bd2 O-O-O 16. O-O-O Bd6 17. Ne2 Ng4 18. Rdf1 Bd3 19. Kd1 Rde8 20. Nfg1
Bh2 
0-1